000 00481nam a22002057a 4500
003 Nust
005 20211014163958.0
008 170116b xxu||||| |||| 00| 0 eng d
020 _a81-86555-13-7
038 _akhadija
040 _cc
082 _a621
_bMEC
100 _aG.K. Publisher
_983171
245 _aMechanical Objectives
260 _aNe Delhi
_bG. K Publisher
_c2003.
300 _a(i-v) p. ;
_c24 cm.
500 _aPaperback.
563 _aPB
942 _cBK
_2ddc
999 _c32040
_d32040